Statistics for Countries by musicals

Click here to take the quiz!

General Stats

  • This quiz has been taken 144 times
  • The average score is 9 of 16

Answer Stats

MusicalCountry% Correct
Les MisérablesFrance
99%
Mary PoppinsUnited Kingdom
94%
The Sound of MusicAustria
92%
GreaseUnited States
92%
Mama MiaGreece
80%
EvitaArgentina
78%
CabaretGermany
61%
Joseph and the Amazing Technicolor DreamcoatEgypt
48%
Fiddler on the RoofRussia
48%
The King and IThailand
48%
The Boy from OzAustralia
40%
Anne of Green GablesCanada
37%
The Book of MormonUganda
32%
Lion KingTanzania
25%
OnceIreland
22%
Pacific OverturesJapan
11%

Score Distribution

Percentile by Number Answered

Percent of People with Each Score

Your Score History

You have not taken this quiz